000 00324nam a22001217a 4500
020 _aNA
082 _222
_a629.8
100 _aDjaferis Theodore E.
245 _aAutomatic controt using matlab /
260 _aBookware Companion Series,
_bBookware Companion Series,
_cc2000
300 _a144 p,;
_bNA
_c24cm.
942 _2ddc
_cCIVIL
999 _c2392
_d2392